000 00320nam a22001457a 4500
008 230615b ||||| |||| 00| 0 eng d
020 _a978963259903
041 _aeng
080 _a616.31
082 _a616.31CHA
100 _a12
101 _aSTO
245 _aDENTAL COMMUNICATION
_cCHAMBERS.W.D
942 _2udc
_cBK
999 _c59988
_d59988